O LÉČBĚ EPILEPSIÍ SALAMANDRINEM

Bibliographic Details
Main Author: Jastuchlík, R. (Author)
Format: Article
Language:Czech

MARC

LEADER 00000nab a2200000ua 4500
001 vtls010777898
003 SK-MaSNL
005 20260303123422.0
008 230214s xo |||||||||||||||||cze|
035 |a (urnnbn)urn:nbn:sk:snk:ar-a034ks 
035 |a (uuid)ecf9c280-5026-4810-a47c-4fa0bf333e81 
035 |a urn:nbn:sk:snk-ab5382 
040 |a SNKBUCL  |b slo  |c SNKBUCL  |e AACR2 
041 0 |a cze 
044 |a xo  |c SK 
100 1 |a Jastuchlík, R.  |4 aut  |9 1139188 
245 1 0 |a O LÉČBĚ EPILEPSIÍ SALAMANDRINEM  |c Jar. Stuchlík 
773 0 |t Bratislavské lekárske listy  |g Roč. 6, č. 8 (1926-1927), s. 466-473 
954 |a odborná, vedecká literatúra cudzojazyčná (svetová)  |2 lita 
958 |a OND 
958 |a EUIPO 
958 |a article3 
999 |c 1925802  |d 1927732